<?xml version="1.0" encoding="UTF-8"?>
<marc:record xmlns:marc="http://www.loc.gov/MARC21/slim">
   <marc:leader>00000nam a2200000 a 4500</marc:leader>
   <marc:datafield ind1="1" ind2=" " tag="100">
      <marc:subfield code="a">Woke, Rainer</marc:subfield>
      <marc:subfield code="4">aut</marc:subfield>
      <marc:subfield code="e">Verfasser/-in</marc:subfield>
   </marc:datafield>
   <marc:datafield ind1=" " ind2=" " tag="653">
      <marc:subfield code="a">Wikinger</marc:subfield>
   </marc:datafield>
   <marc:datafield ind1=" " ind2=" " tag="653">
      <marc:subfield code="a">Erstlesealter</marc:subfield>
   </marc:datafield>
   <marc:datafield ind1=" " ind2=" " tag="653">
      <marc:subfield code="a">Kinderbuch</marc:subfield>
   </marc:datafield>
   <marc:datafield ind1=" " ind2=" " tag="653">
      <marc:subfield code="a">Abenteuer</marc:subfield>
   </marc:datafield>
   <marc:datafield ind1=" " ind2=" " tag="653">
      <marc:subfield code="a">Softcover / Kinder- und Jugendbücher/Erstlesealter</marc:subfield>
   </marc:datafield>
   <marc:datafield ind1=" " ind2=" " tag="653">
      <marc:subfield code="a">Vorschulalter</marc:subfield>
   </marc:datafield>
   <marc:datafield ind1="0" ind2="0" tag="245">
      <marc:subfield code="a">Wickie - Das Geheimnis von Burg Eisenstein</marc:subfield>
   </marc:datafield>
   <marc:datafield ind1=" " ind2="1" tag="264">
      <marc:subfield code="a">Stuttgart</marc:subfield>
      <marc:subfield code="b">Klett Lerntraining</marc:subfield>
      <marc:subfield code="c">2014</marc:subfield>
   </marc:datafield>
   <marc:datafield ind1="1" ind2=" " tag="490">
      <marc:subfield code="a">Wickie und die starken Männer : Lesen lernen mit Comics, Leseanfänger</marc:subfield>
   </marc:datafield>
   <marc:datafield ind1=" " ind2=" " tag="250">
      <marc:subfield code="a">1. Aufl.</marc:subfield>
   </marc:datafield>
   <marc:datafield ind1="1" ind2=" " tag="520">
      <marc:subfield code="a">Angaben aus der Verlagsmeldung##Das Geheimnis von Burg Eisenstein : Buch mit Comic-Anteilen / von Rainer Wolke##Lesen lernen mit dem Schulbuchprofi  und Wickie, dem cleveren Wikinger!#Beim Überfall auf Burg Eisenstein stürzen Wickie und Faxe in eine tiefe Grube. Dort entdeckt Wickie einen Geheimgang - wohin der wohl führen mag? Ob sie jemals wieder aus der Burg herausfinden?##Ein Buch für Leseanfänger der 1. und 2. Klasse.#- Jede Geschichte ist auf Leseanfänger abgestimmt: Komplexität der Geschichte, Verhältnis der Textmenge zu den Illustrationen, Zeilenlänge und Schriftgröße#- Mit Lösungen zu den Textverständnisfragen und den Mitmach-Seiten!#- Das motiviert : zusätzliche Comicseiten#- Mitmach-Seiten für noch mehr Rätsel- und Rate-Spaß#- mit starken Fragen für helle Köpfe#- Extra: kostenloser Leseführerschein online##So werden aus Kindern kompetente Leser!</marc:subfield>
   </marc:datafield>
   <marc:datafield ind1=" " ind2=" " tag="020">
      <marc:subfield code="a">9783129492284</marc:subfield>
      <marc:subfield code="9">9783129492284</marc:subfield>
   </marc:datafield>
   <marc:datafield ind1=" " ind2=" " tag="041">
      <marc:subfield code="a">ger</marc:subfield>
   </marc:datafield>
   <marc:datafield ind1=" " ind2=" " tag="300">
      <marc:subfield code="a">38 S.</marc:subfield>
   </marc:datafield>
</marc:record>
